000
003250000a22001450004500
020
_a
84-01-37541-X
041
0
_a
SPA
082
0
4
_a
G 863 A432p
100
1
_a
Allende, Isabel (1942-)
245
1
0
_a
Paula / Isabel Allende
260
_a
Barcelona, España : Plaza y Janés
300
_a
366 Pag
001
11021
942
_c
BK
999
_c
40394
_d
40394